STN EN 60601-1-8: 2005 (36 4800) [neplatná], Zdravotnícke elektrické prístroje Časť 1-8 Všeobecné požiadavky na bezpečnosť. Pridružená norma: Všeobecné požiadavky, skúšky a pokyny pre poplachové systémy v zdravotníckych elektrických prístrojoch a zdravotníckych elektrických systémoch

Norma je slovenskou verziou EN 60601-1-8: 2004, idt IEC 60601-1-8: 2003

Bibliographic Details
Corporate Author: HES-COMGEO spol. s. r. o. (Bratislava, Slovensko) (Translator)
Other Authors: Auxt, Anton, 1959- (Translator)
Format: Book
Language:Slovak
English
PhysicalDescription:68 s. obrázky, register, tabuľky 30 cm
Published: Bratislava Slovenský ústav technickej normalizácie 2005
Subjects:

MARC

LEADER 00000cam a2200000 a 4500
001 vtls008303656
003 SK-MaSNL
005 20260512081426.0
008 160624s2005 xo a u 000 0 slo
015 |a SNBN2013 
020 |c cen. skup. 16 
040 |a SNK  |b slo  |c SNK  |e AACR2 
041 1 |a slo  |a eng  |h [eng] 
044 |a xo  |c SK 
046 |a m  |m 200504 (účin.)  |n 20090912 
072 7 |a 615.47  |x Lekárske nástroje. Prístroje. Vybavenie a zariadenie  |2 konspekt 
072 7 |a 615.47  |x Elektrotechnika  |2 konspekt 
080 |a 621.31  |2 2001 
080 |a 006.7/.8  |2 2001 
080 |a (4)  |2 2001 
080 |a (437.6)  |2 2001 
084 |a 11.040.01  |2 ICS 
130 0 |a STN 36 4800 (STN EN 60601-1-8) [neplatná]  |9 739525 
245 1 0 |a STN EN 60601-1-8: 2005 (36 4800) [neplatná], Zdravotnícke elektrické prístroje  |n Časť 1-8  |p Všeobecné požiadavky na bezpečnosť. Pridružená norma: Všeobecné požiadavky, skúšky a pokyny pre poplachové systémy v zdravotníckych elektrických prístrojoch a zdravotníckych elektrických systémoch 
246 1 0 |a Zdravotnícke elektrické prístroje. Všeobecné požiadavky na bezpečnosť 
246 1 0 |a Všeobecné požiadavky, skúšky a pokyny pre poplachové systémy v zdravotníckych elektrických prístrojoch a zdravotníckych elektrických systémoch 
246 3 |a EN 60601-1-8: 2005 
260 |a Bratislava  |b Slovenský ústav technickej normalizácie  |c 2005 
300 |a 68 s.  |b obrázky, register, tabuľky  |c 30 cm 
500 |a Norma je nahradená normou STN EN 60601-1-8 z apríla 2008 v celom rozsahu 
500 |a Od 1.4.2005 nahrádza anglickú verziu STN EN 60601-1-8 z augusta 2004 a STN ISO 9703-1, STN ISO 9703-2 z marca 2001 a STN EN ISO 9703-3 zo septembra 2001 v celom rozsahu. STN ISO 9703-1, STN ISO 9703-2 a STN EN ISO 9703-3 z r. 2001 sa môžu súbežne s touto normou používať do 1.12.2006 
500 |a V článku AAA.201.8 je doplnená informatívna národná poznámka 
500 |a Spracovateľ: HES-COMGEO s.r.o. Bratislava, Anton Auxt 
504 |a Citované normy a súvisiace právne predpisy: s. 2; literatúra: s.63. 
520 8 |a Norma je slovenskou verziou EN 60601-1-8: 2004, idt IEC 60601-1-8: 2003 
540 |a STN vydané na akomkoľvek nosiči sa môžu rozmnožovať a rozširovať iba so súhlasom určenej právnickej osoby  |b SÚTN Bratislava  |c zákon 264/1999 Z.z. 
546 |a Terminológia, normatívne odkazy, literatúra a register aj v angličtine 
650 0 7 |a zdravotnícke elektrické prístroje  |x bezpečnosť a prevádzkové vlastnosti  |2 SVKBBPH  |9 321528 
650 0 7 |a poplachové a varovné systémy  |2 SVKBBPH  |9 102900 
650 0 7 |a technické normy a štandardy  |z krajiny Európskej únie  |2 SNKPH  |9 289341 
655 7 |a normy  |2 SNKPH  |9 70643 
700 1 |a Auxt, Anton,  |d 1959-  |4 trl  |9 5363 
710 2 |a HES-COMGEO spol. s. r. o. (Bratislava, Slovensko)  |4 trl  |9 739526 
710 |a Slovenský ústav technickej normalizácie (Bratislava, Slovensko).  |b Technická komisia č. 54 Elektrické zariadenia v zdravotníckej praxi  |4 stn  |9 323407 
774 1 8 |t STN EN 60601-1-8: 2008  |d Bratislava, Slovenský ústav technickej normalizácie, 2008  |w vtls009828856 
774 1 8 |t STN EN 60601-1-8: 2005 Zmena A1, január 2007  |d Bratislava : Slovenský ústav technickej normalizácie, 2007  |w vtls009869150 
958 |a OP 
958 |a NB 
999 |c 1164079  |d 1166009 
952 |a SNK  |b SNK  |y PREZ  |7 0  |p 17A0485706  |o snkSTN EN 60601-1-8  |i snk2005/17310  |8 0  |0 0  |1 0  |4 0  |d 2005-10-18  |l 0  |r 2026-02-24 20:43:45  |w 2026-02-24 
952 |a SNK  |b SNK  |y PREZ  |7 0  |p 17A0485707  |o snkSTN EN 60601-1-8 D1  |i snk2005/17311  |8 0  |0 0  |1 0  |4 0  |d 2005-10-18  |l 0  |r 2026-02-24 20:43:45  |w 2026-02-24